| 000 | 01163nam a2200217Ia 4500 | ||
|---|---|---|---|
| 003 | OSt | ||
| 005 | 20250612120900.0 | ||
| 008 | 210210b1986 xxu||||| |||| 00| 0 eng d | ||
| 040 | _cAL | ||
| 041 | _aKannada | ||
| 082 | _aK894.1 KESH | ||
| 100 |
_aKESHAVA BHATTA (T) _dಟಿ.ಕೇಶವ ಭಟ್ಟ _9214566 |
||
| 245 |
_aHavyakara shobhanegalu _bಹವ್ಯಕರ ಶೋಭಾನೆಗಳು |
||
| 260 |
_aBengaluru _bChira Sahitya Prakashana _c1986 |
||
| 300 | _a736 | ||
| 520 | _a'ಹವ್ಯಕರ ಶೋಭಾನೆಗಳು' ಎಂಬುದು ಟಿ.ಕೇಶವ ಭಟ್ಟ ಅವರ ಸಂಪಾದಕತ್ವದಲ್ಲಿ ಬಂದಿರುವ ಕೃತಿ. ಸೋಬಾನೆ ಪದಗಳ ಸಂಗ್ರಹ. ಹವ್ಯಕರ ಸೋಬಾನೆ ಹಾಡುಗಳಿಗೆ ಒಂದು ವಿಶಿಷ್ಟ ಸ್ಥಾನವಿದೆ. ಅವುಗಳಲ್ಲಿ ಬಹಳಷ್ಟು ಇಲ್ಲಿ ಸಿಗುವಂತೆ ಸಂಗ್ರಹಿಸಿರುವುದು ಈ ಕೃತಿಯ ಹೆಗ್ಗಳಿಕೆ. | ||
| 650 |
_aShobhanegalu _9214567 |
||
| 690 |
_aKannada Poetry _9214568 |
||
| 906 | _a040533 | ||
| 942 |
_2ddc _cBK |
||
| 999 |
_c90622 _d90622 |
||